Polskie kluby piłkarskie 3 ligi - grupa 1 - Statystyki

Ogólne statystyki
  • Ten quiz został rozwiązany 28 razy
  • Średni wynik to 10 z 18
Statystyki odpowiedzi
# Kluby - grupa 1 % Poprawnych
9 ŁKS Łomża
85%
2 Legia II Warszawa
75%
3 Unia Skierniewice
75%
6 Lechia Tomaszów Mazowiecki
70%
1 Pogoń Grodzisk
70%
8 Broń Radom
65%
14 Jagiellonia II Białystok
65%
5 Świt Nowy Dwór Mazowiecki
65%
7 Pelikan Łowicz
60%
16 Concordia Elbląg
55%
4 GKS Bełchatów
55%
12 GKS Wikielec
55%
15 Mławianka Mława
50%
18 Pilica Białobrzegi
45%
11 Victoria Sulejówek
45%
13 Olimpia Zambrów
40%
10 Warta Sieradz
40%
17 Legionova Legionowo
25%
Nie znaleziono quizów pasujących do podanych kryteriów
Rozkład punktacji
Procent ludzi z każdym wynikiem
Percentyl według liczby udzielonych odpowiedzi
Twoja historia wyników
Nie rozwiązałeś tego quizu